Dolphin / (Record no. 612)

MARC details
000 -LEADER
fixed length control field 01005nam a22003017a 4500
005 - DATE AND TIME OF LATEST TRANSACTION
control field 20230627114225.0
020 ## - INTERNATIONAL STANDARD BOOK NUMBER
International Standard Book Number 0060243376 :
Terms of availability $2.95.
International Standard Book Number 0060243422
040 ## - CATALOGING SOURCE
Original cataloging agency DLC
Transcribing agency DLC
Modifying agency DLC
Language of cataloging eng
050 00 - LIBRARY OF CONGRESS CALL NUMBER
Classification number QL737.C432
Item number M68 1975
082 00 - DEWEY DECIMAL CLASSIFICATION NUMBER
Classification number 599/.53
100 1# - MAIN ENTRY--PERSONAL NAME
Personal name Morris, Robert A.
Fuller form of name (Robert Ada),
Dates associated with a name 1933-
245 10 - TITLE STATEMENT
Title Dolphin /
Statement of responsibility, etc. by Robert A. Morris ; pictures by Mamoru Funai.
250 ## - EDITION STATEMENT
Edition statement First Harper Trophy edition, 1983.
260 ## - PUBLICATION, DISTRIBUTION, ETC.
Place of publication, distribution, etc. New York :
Name of publisher, distributor, etc. Harper & Row,
Date of publication, distribution, etc. 1975.
300 ## - PHYSICAL DESCRIPTION
Extent 62 pages :
Other physical details color illustrations ;
Dimensions 22 cm.
490 0# - SERIES STATEMENT
Series statement An I can read book
505 ## - FORMATTED CONTENTS NOTE
Formatted contents note D <br/>
520 ## - SUMMARY, ETC.
Summary, etc. Describes the birth and the first six months of life of a baby dolphin.
521 ## - TARGET AUDIENCE NOTE
Target audience note 180 <br/>
Source Lexile estimate<br/>
521 ## - TARGET AUDIENCE NOTE
Target audience note D <br/>
Source Raz-Plus <br/>
650 #0 - SUBJECT ADDED ENTRY--TOPICAL TERM
Topical term or geographic name entry element Dolphins
General subdivision Juvenile literature.
650 #1 - SUBJECT ADDED ENTRY--TOPICAL TERM
Topical term or geographic name entry element Dolphins.
700 1# - ADDED ENTRY--PERSONAL NAME
Personal name Funai, Mamoru. Illustrator.
906 ## - LOCAL DATA ELEMENT F, LDF (RLIN)
a 7
b cbc
c orignew
d 2
e ocip
f 19
g y-gencatlg
942 ## - ADDED ENTRY ELEMENTS (KOHA)
Source of classification or shelving scheme Dewey Decimal Classification
Koha item type Books
Suppress in OPAC No
999 ## -
-- 612
-- 612
Holdings
Withdrawn status Lost status Source of classification or shelving scheme Damaged status Not for loan Collection Home library Current library Shelving location Date acquired Total Checkouts Full call number Barcode Date last seen Date last checked out Copy number Price effective from Koha item type
    Dewey Decimal Classification     Non-Fiction Footprints International School Library Network Toul Kork Campus Footprints International School Library Network Toul Kork Campus TK Primary Library Room(4th Floor), Bookcase 7, Shelves 57-60, Dark Green Books 06/27/2023 2 MOR QL737.C432 FISTK01142 10/31/2024 10/31/2024 1 06/27/2023 Books
    Dewey Decimal Classification     Non-Fiction Footprints International School Library Network Toul Kork Campus Footprints International School Library Network Toul Kork Campus TK Primary Library Room(4th Floor), Bookcase 7, Shelves 57-60, Dark Green Books 06/27/2023   MOR QL737.C432 FISTK01143 06/27/2023   2 06/27/2023 Books